000 00306nam a22001337a 4500
008 171018b xxu||||| |||| 00| 0 eng d
020 _a9780132147712
041 _aeng
080 _29TH
_a338
100 _a53
101 _aMEN
245 _aGUIDE TO MANAGERIAL COMMUNICATION
_cMUNTER,M
942 _2udc
_cBK
999 _c34747
_d34747